000 01602nam a2200241Ia 4500
003 Ost
005 20260507075257.0
008 260507s9999||||xx |||||||||||||| ||und||
020 _a9789931659433
040 _cfsecg
041 _aara
082 _a332.041
100 _aقمومية، سفيان،
_eمؤلف
245 0 _aرؤويس الأموال الأجنبية ودورها في النمو الاقتصادي :
_bدراسة قياسية تحليلية مقارن بين الجزائر،تونس والمغرب /
_c سفيان قمومية
260 _aتلمسان:
_bالمكتب الجامعي الحديث,
_c2017
300 _a324 صفحة؛
_bإيضاحات ؛
_c24 سم
504 _aببليوغرافيا:ص.263
520 _aمدخل نظري لتدفقات رؤوس الأموال الأجنبية: ماهية تدفقات رؤوس الأموال الاجنبية ،الأشكال الاساسية لتدفقات رؤوس لأموال الأجنبية ،الآثارالاقتصادية لتدفقات رؤوس الأموال الاجنبية في ظل تحرير حساب راس المال وسياسات التحكم فيها. النموالاقتصادي وعلاقته بتدفقات رؤوس الاوال الأجنبية ،دراسة قياسية لأثر هيكل تدفقات رؤوس الاوال الأجنبية على نمو الاقتصادي في كل من الجزائر،تونس والمغرب.
653 _a رأس المال
653 _aالتنمية الاقتصادية
653 _aرؤوس الاوال الأجنبية
942 _cكتاب
999 _c43758
_d43758